[Event "ChFraFemininRapide2018"]
[Site "?"]
[Date "2018.06.10"]
[Round "8.3"]
[White "Dornbusch, Tatiana"]
[Black "Collas, Silvia"]
[Result "1-0"]
[WhiteElo "2304"]
[BlackElo "2290"]
[PlyCount "47"]
[EventDate "2018.??.??"]

1. d4 Nf6 2. Nf3 g6 3. g3 b6 4. Bg2 Bb7 5. c4 e6 6. O-O Bg7 7. Qc2 c5 8. dxc5
bxc5 9. Bf4 Nc6 10. Nc3 Ne7 11. Nb5 O-O 12. Bc7 Qc8 13. Bd6 Qd8 14. Bxc5 Ne4
15. Bxa7 Qa5 16. Bd4 Rfc8 17. Bxg7 Kxg7 18. Nfd4 d5 19. Bxe4 dxe4 20. Nd6 Rc7
21. Nxb7 Rxb7 22. Qxe4 Rxb2 23. Nxe6+ fxe6 24. Qd4+ 1-0

[Event "ChFraFemininRapide2018"]
[Site "?"]
[Date "2018.06.10"]
[Round "8.4"]
[White "Rollot, Florence"]
[Black "Safranska, Anda"]
[Result "1-0"]
[WhiteElo "2016"]
[BlackElo "2205"]
[PlyCount "73"]
[EventDate "2018.??.??"]

1. Nf3 g6 2. c4 Bg7 3. g3 Nf6 4. Bg2 O-O 5. O-O d6 6. Nc3 Nc6 7. Rb1 a5 8. d3
h6 9. a3 e5 10. h3 Be6 11. b4 axb4 12. axb4 Qc8 13. Kh2 Ne7 14. c5 Nfd5 15.
Nxd5 Nxd5 16. Bd2 Qd7 17. Qc2 Rfc8 18. Rfc1 Kh7 19. e3 f5 20. d4 e4 21. Ng1 g5
22. f3 exf3 23. Nxf3 Kh8 24. Rf1 Rf8 25. Rbe1 Nf6 26. Ra1 Bd5 27. Bc3 Be4 28.
Qe2 Nd5 29. Bd2 Rae8 30. Ra7 f4 31. gxf4 gxf4 32. Nh4 Rf6 33. Bxe4 Rxe4 34. Qg2
Qe6 35. Rg1 Rf7 36. Ng6+ Kh7 37. Nf8+ 1-0

[Event "ChFraFemininRapide2018"]
[Site "?"]
[Date "2018.06.10"]
[Round "9.1"]
[White "Maisuradze, Nino"]
[Black "Dornbusch, Tatiana"]
[Result "1-0"]
[WhiteElo "2256"]
[BlackElo "2304"]
[PlyCount "93"]
[EventDate "2018.??.??"]

1. d4 Nf6 2. c4 c5 3. d5 b5 4. cxb5 a6 5. bxa6 g6 6. Nc3 Bxa6 7. e4 Bxf1 8.
Kxf1 d6 9. g3 Bg7 10. Kg2 O-O 11. Nf3 Nbd7 12. a4 Qa5 13. Bd2 Qb4 14. Qe2 Rfb8
15. b3 Ng4 16. Nb5 Qxb3 17. Rhb1 Bb2 18. Bc1 Rxa4 19. Rxb2 Qc4 20. Qxc4 Rxc4
21. Nd2 Rb4 22. Rxb4 cxb4 23. Nd4 Nc5 24. Nc6 Rb7 25. Bb2 f6 26. h3 Ne5 27.
Bxe5 fxe5 28. Rb1 b3 29. Na5 Rb4 30. Naxb3 Nxe4 31. Nxe4 Rxe4 32. Na5 Kf7 33.
Rb7 Kf6 34. Nc6 e6 35. dxe6 Kxe6 36. Nd8+ Kd5 37. Rxh7 Ra4 38. Nf7 e4 39. Rg7
Ke6 40. Rxg6+ Kxf7 41. Rxd6 Ra2 42. Kf1 Ra3 43. Ke2 e3 44. fxe3 Ra2+ 45. Kf3
Rh2 46. h4 Ke7 47. Ra6 1-0

[Event "ChFraFemininRapide2018"]
[Site "?"]
[Date "2018.06.10"]
[Round "9.2"]
[White "Guichard, Pauline"]
[Black "Haussernot, Cecile"]
[Result "0-1"]
[WhiteElo "2371"]
[BlackElo "2237"]
[PlyCount "88"]
[EventDate "2018.??.??"]

1. d4 Nf6 2. Bf4 e6 3. e3 Be7 4. h3 O-O 5. Nf3 b6 6. Bd3 Bb7 7. Nbd2 c5 8. c3
d5 9. Ne5 Nc6 10. O-O Nd7 11. Qh5 f5 12. Nxc6 Bxc6 13. Qe2 a6 14. a4 c4 15. Bc2
b5 16. axb5 axb5 17. b4 Qb6 18. Bh2 Ra6 19. g4 Bb7 20. f3 g6 21. Kh1 Rfa8 22.
Rxa6 Qxa6 23. e4 dxe4 24. fxe4 Qa3 25. gxf5 exf5 26. Nf3 Qxc3 27. exf5 Ra2 28.
Qe6+ Kf8 29. Be4 Qb2 30. Nd2 Bxe4+ 31. Qxe4 Qxd2 32. fxg6+ Nf6 33. Bd6 Kg8 34.
gxh7+ Kh8 35. Qf3 Kxh7 36. Rg1 Qd3 37. Qxd3+ cxd3 38. Bxe7 Ne4 39. Bh4 Re2 40.
Rd1 d2 41. Kg1 Nc3 42. Kf1 Rh2 43. Kg1 Nxd1 44. Bg5 Re2 0-1

[Event "ChFraFemininRapide2018"]
[Site "?"]
[Date "2018.06.10"]
[Round "9.3"]
[White "Rollot, Florence"]
[Black "Genzling, Sylvie"]
[Result "1/2-1/2"]
[WhiteElo "2016"]
[BlackElo "1934"]
[PlyCount "66"]
[EventDate "2018.??.??"]

1. Nf3 d5 2. c4 e6 3. d4 c5 4. cxd5 exd5 5. Nc3 Nc6 6. g3 Nf6 7. Bg5 cxd4 8.
Nxd4 Bc5 9. e3 Nxd4 10. exd4 Qe7+ 11. Be2 Bb4 12. O-O Bxc3 13. bxc3 O-O 14. Bf3
Be6 15. Re1 h6 16. Bxf6 Qxf6 17. Bg2 Rac8 18. Qb3 Rfd8 19. Rac1 b6 20. Re5 Rc4
21. Bxd5 Bxd5 22. Rxd5 Rdc8 23. Rd7 Qf3 24. Rxa7 Rxc3 25. Rxc3 Rxc3 26. Qb1 g6
27. Re7 Rd3 28. Re8+ Kg7 29. Re1 Rd2 30. Rf1 Qf6 31. a3 Qxd4 32. Qa1 Qxa1 33.
Rxa1 Rb2 1/2-1/2

[Event "ChFraFemininRapide2018"]
[Site "?"]
[Date "2018.06.10"]
[Round "9.4"]
[White "Collas, Silvia"]
[Black "Navrotescu, Andreea"]
[Result "1-0"]
[WhiteElo "2290"]
[BlackElo "2153"]
[PlyCount "93"]
[EventDate "2018.??.??"]

1. d4 Nf6 2. Bf4 e6 3. e3 c5 4. c3 Nc6 5. Nd2 d5 6. Bd3 Bd6 7. Bg3 e5 8. dxc5
Bxc5 9. e4 O-O 10. Ngf3 Bg4 11. h3 Bh5 12. Qc2 Bg6 13. Rd1 Qc7 14. exd5 Bxd3
15. Qxd3 Rad8 16. Ne4 Nxd5 17. Nxc5 Nf4 18. Qc2 Nxg2+ 19. Kf1 Nf4 20. Bxf4 exf4
21. Kg2 Ne5 22. Nxe5 Qxe5 23. Ne4 Qh5 24. Rxd8 Rxd8 25. Rg1 Re8 26. Kh2 Qe5 27.
Ng5 g6 28. Nf3 Qd5 29. Re1 Rd8 30. Qe4 Qxa2 31. Qxb7 h6 32. Nd4 Qc4 33. Qxa7
Qd5 34. Qe7 f3 35. Qe4 Qd6+ 36. Qe5 Qb6 37. b4 Ra8 38. Re3 Ra2 39. Rxf3 Qd8 40.
Qf4 Qd5 41. Qxh6 Ra1 42. Qf4 Qc4 43. Qb8+ Kh7 44. Qf4 f5 45. Qh4+ Kg7 46. Qe7+
Kh6 47. Rf4 1-0